000 00945cab a2200253 4500
001 WB2908-47
008 090401t1993 xxu||||| |||| 00| 0 eng d
035 _a(Sirsi) u59309
041 _aeng
245 _aCosts
260 _c1993
350 _a0
490 _aEstates Gazette Case Summaries
_v1993 EGCS 19(2) 20/2/93
520 _aIn re "Land and Property Trust Co plc (No 2)" CA 11 February 1993, the CA overturned a High Court ruling ordering the applicant Directors to pay costs of opposing creditors after dismissing their (i.e. the Directors) petitioning for an administration order. Appeal allowed. Order for costs against Directors discharged.
650 _aADMINISTRATION ORDERS
650 _aCOSTS
650 _aInsolvency
_96247
650 _aLAW OF PROPERTY ACT RECEIVERS
650 _aPROPERTY COMPANY
650 _aWINDING UP
690 _aPROPERTY LAW AND PRACTICE-CASE LAW
942 _n0
948 _c04/03/1997
999 _c36383
_d36383